| 000 | 00457nam a22001697a 4500 | ||
|---|---|---|---|
| 003 | MACL | ||
| 005 | 20151220120236.0 | ||
| 008 | 151220b xxu||||| |||| 00| 0 eng d | ||
| 040 | _cMACL | ||
| 041 | _aEnglish | ||
| 082 | _a658/DRU | ||
| 100 |
_aDrucker Peter F. _921544 |
||
| 245 | _aManaging For Result The Greatest Works Of Peter F. Drucker | ||
| 260 |
_aDelhi _bButter Worth Heinemann _c2000 |
||
| 650 |
_aGeneral Mangement _921545 |
||
| 942 |
_2ddc _cBK |
||
| 999 |
_c51562 _d51562 |
||